Name all the Youtubers in the World - Statistics

General Stats
  • This quiz has been taken 45 times
  • The average score is 9 of 94
Answer Stats
Hint Answer % Correct
Pew___pie Pewdiepie
76%
Mr_____, popular youtuber. MrBeast
69%
Youtuber always screaming - IShow_____ IShowSpeed
55%
K_I KSI
52%
Roblox Kreek_____ youtuber KreekCraft
48%
T-Ser___ T-Series
48%
Lanky___ LankyBox
45%
Genius youtuber in Minecraft Dream
41%
SSSniper____ SSSniperWolf
38%
Unspeakab__ Unspeakable
38%
Coco____! "music" Cocomelon
34%
JackSucks__Geography JackSucksAtGeography
34%
Minecraft youtuber named Walli____ Wallibear
34%
Dude Perf___ Dude Perfect
31%
Back in 2021, he was also a youtuber named ____yn Foltyn
31%
Opposite of VortroxTwo Vortrox
31%
GeorgeNot_____, Hunter speedrunner of dream GeorgeNotFound
24%
BadBoy____ BadBoyHalo
21%
Fat youtuber who plays games CaseOh
21%
His full name in minecraft is ______18_YT camman18
17%
Trick's friend Zoink
17%
Bund__ Bundun
14%
MrBeast now plays games. MrBeast Gaming
14%
Net____ Netflix
14%
Bub____ Bubbles
7%
Foltyn's friend CaylusBlox
7%
GD Player Doggie
7%
Marble Fa___ry Marble Factory
7%
MoreBeck____ MoreBeckBros
7%
Opposite of Vortrox VortroxTwo
7%
A_ A4
3%
Angelazzz Brook__ven Angelazzz Brookhaven
3%
Purple youtuber in Minecraft Aphmau
3%
Avocado_____ AvocadoPlayz
3%
He always makes stats Celeb Stats
3%
Qua_z Quaoz
3%
The kid and his mom & dad are to single youtuber. Ryan's World
3%
Minecraft player Skeppy
3%
Youtubers that are with his twins and his friends Stokes Twins
3%
Tap_ TapL
3%
Top with an I, what youtuber is it? Topi
3%
Tore_ Torec
3%
Zoink's friend Trick
3%
XCreator____ XCreatorGoal
3%
Zee __ Zee TV
3%
Andromeda's opposite Androxma
0%
Thanos 230 is part of this youtuber band BIGBANG
0%
Youtuber who always plays Brain It On BoomGonza
0%
CASH! Cash_YT
0%
ch__f choof
0%
Co Vine_ Co Vines
0%
Opposite of RAIDEN, and he's crazy... Crazy RAIDEN
0%
DJLoves_____ DJLovesTurbo
0%
Little similar to Dorameon Dorami
0%
The youtuber's name is too cringe, so I cannot show you guys. Dumbas
0%
GD Player Emnison
0%
GD Player Ender
0%
Goldmin___ Goldminers
0%
GD Player icedcave
0%
GD Player JamAttack
0%
Girl makes videos. JennyHoyos
0%
temu bruh JianHao Tan
0%
Kai Cenat has streams Kai Cenat Live
0%
KDrama _____ KDrama Lover
0%
Same as Celeb Stats Keyson Stats
0%
Same as "Darkz" Lightz
0%
Opposite of Lily Lilyberrys
0%
Lop____ _____en Lopsided Chicken
0%
Lunar Marble ____ Lunar Marble Race
0%
Mais ___ies Mais Series
0%
Meme ____ Meme Beam
0%
Jetpunk, Seterra youtuber. and he's also Geoguessr Pro Mercateer
0%
__Gaming M_Gaming
0%
GD Player Moldy
0%
Mul___ Mulpan
0%
Mysti___ Mysticat
0%
Neody_____ Neodymious
0%
btw that's my real name but i am not a real youtuber Nico_YT
0%
Roblox youtuber. Nizarisaqt
0%
He was beating Kenos ALL the time. Npesta
0%
Pop____ PopYeah
0%
Preston___ Preston_YT
0%
Opposite of Crazy RAIDEN RAIDEN
0%
GD Player SDSlayer
0%
India's set youtuber. SETIndia
0%
Black appearance at light places. Shadow
0%
Sony ___ Sony SAB
0%
Same as "Netflix" StreamFlix
0%
Brandon A.K.A. The Frustrated Gamer
0%
Joker, makes fun at people bruh. Thomas Sanders
0%
Tralo___ Tralodin
0%
Vine ___ Vine Age
0%
Opposite of Boo Waboo
0%
Gamer who plays SFG2 YaBoiCedu
0%
No matching quizzes found
Score Distribution
Percent of People with Each Score
Percentile by Number Answered
Your Score History
You have not taken this quiz